000
00296nam a2200121Ia 4500
008
220216s9999 xx 000 0 und d
100
_a
Roland C M
245
4
_a
the barrier performance of latex rubber
260
_b
Rubber World
_c
1993
300
_a
15-20
650
_a
Latex rubber
942
_c
JS
999
_c
70478
_d
70478